书目信息 |
| 题名: |
宋词三百首新编
|
|
| 作者: | 刘乃昌选 注 | |
| 分册: | ||
| 出版信息: | 长沙 岳麓书社 1994.04 |
|
| 页数: | 408页 | |
| 开本: | 32开 | |
| 丛书名: | ||
| 单 册: | ||
| 中图分类: | I222.744 | |
| 科图分类: | ||
| 主题词: | 诗歌--中国 , 韵文--中国 | |
| 电子资源: | ||
| ISBN: | 7-80520-461-6 | |
| 000 | 00581nam0 2200205 45 | |
| 001 | 0011111645 | |
| 005 | 20001111162037.7 | |
| 010 | @a7-80520-461-6@d17.00元 | |
| 100 | @a20001111d1994 km y0chiy0120 ea | |
| 101 | 0 | @achi |
| 105 | @a z 000yy | |
| 200 | 1 | @a宋词三百首新编@ASong Ci San Bai Shou Xin Bian@f刘乃昌选注@FLiu Nai Chang Xuan Zhu |
| 210 | @a长沙@c岳麓书社@d1994.04 | |
| 215 | @a408页@d32开 | |
| 606 | 0 | @a诗歌@x中国 |
| 606 | 0 | @a韵文@x中国 |
| 690 | @aI222.744@v3 | |
| 701 | 0 | @a刘乃昌选@4注 |
| 801 | @aCN@bPftUser@c20001111 | |
| 905 | @b403439-443@dI222.744@eL117@f5 | |
| 宋词三百首新编/刘乃昌选注.-长沙:岳麓书社,1994.04 |
| 408页;32开 |
| ISBN 7-80520-461-6:17.00元 |
| ● |
| 相关链接 |
|
|
|
正题名:宋词三百首新编
索取号:I222.744/L117
 
预约/预借
| 序号 | 登录号 | 条形码 | 馆藏地/架位号 | 状态 | 备注 |
| 1 | 403439 | 204034393 | 文学库108/ [索取号:I222.744/L117] | 在馆 | |
| 2 | 403440 | 204034400 | 文学库108/ [索取号:I222.744/L117] | 在馆 | |
| 3 | 403441 | 204034419 | 文学库108/108文学库 17排2列2层/ [索取号:I222.744/L117] | 在馆 | |
| 4 | 403442 | 204034428 | 文学库108/ [索取号:I222.744/L117] | 在馆 | |
| 5 | 403443 | 204034437 | 文学库108/108文学库 17排2列2层/ [索取号:I222.744/L117] | 在馆 |